Kríza a výkonnosť
Analýza príčin krízy. Dopad krízy na podniky. Finančný manažment, jeho súčasnosť a budúcnosť.
Uložené v:
| Hlavný autor: | |
|---|---|
| Médium: | Kapitola |
| Jazyk: | Slovak |
| Predmet: | |
| Tagy: |
Žiadne tagy, Buďte prvý, kto otaguje tento záznam!
|
MARC
| LEADER | 00000naa$a2200000$$$4500 | ||
|---|---|---|---|
| 001 | 0210178 | ||
| 005 | 20240502073510.9 | ||
| 041 | 0 | |a slo | |
| 044 | |a SK | ||
| 245 | 1 | 0 | |a Kríza a výkonnosť |c Elena Moravčíková |
| 520 | |a Analýza príčin krízy. Dopad krízy na podniky. Finančný manažment, jeho súčasnosť a budúcnosť. | ||
| 610 | 2 | 0 | |a kríza |
| 610 | 2 | 0 | |a analýzy |
| 610 | 2 | 0 | |a podnik |
| 610 | 2 | 0 | |a analýza finančná |
| 610 | 2 | 0 | |a analýza ekonomická |
| 610 | 2 | 0 | |a manažment finančný |
| 100 | 1 | |a Moravčíková, Elena, 1967- | |